| 000 | 00725nam a2200265 i 4500 | ||
|---|---|---|---|
| 003 | DO-SdBNP | ||
| 005 | 20231002084204.0 | ||
| 007 | ta | ||
| 008 | 110413s2006 dr ao 000 0 spa d | ||
| 020 | _a9993432063 | ||
| 040 |
_aDO-SdBNP _bspa _cBNPHU _erda |
||
| 082 |
_bG993h _222 |
||
| 100 |
_aGuzman, Cecilia _eautor _9794 |
||
| 110 | _936704 | ||
| 245 | 1 | 0 |
_aHistoria de una maestra / _cCecilia Gusmán |
| 264 |
_aSanto Domingo : _bArgos, _c2006. |
||
| 300 |
_a87 páginas : _bilustraciones ; _c20 cm. |
||
| 336 |
_2rdacontent _atexto _btxt |
||
| 337 |
_2rdamedia _asin mediación _bn |
||
| 338 |
_2rdacarrier _avolumen _bnc |
||
| 590 | _aInventariado, 2023/ DG | ||
| 700 | _984126 | ||
| 910 | _aDG | ||
| 942 |
_2ddc _cLBS1 |
||
| 999 |
_c55023 _d55023 |
||